Die Schweiz nebst Chamonix, Luganer, Langen und Comer See. (Record no. 5574)
[ view plain ]
| 000 -CABECERA | |
|---|---|
| campo de control de longitud fija | 00797nam a2200241 a 4500 |
| 001 - NÚMERO DE CONTROL | |
| campo de control | BRCA_5885 |
| 005 - FECHA Y HORA DE LA ÚLTIMA TRANSACCIÓN | |
| campo de control | 20190320205243.0 |
| 008 - DATOS DE LONGITUD FIJA--INFORMACIÓN GENERAL | |
| campo de control de longitud fija | 170311t1920----gw-ab#####---#000-0#ger-# |
| 041 ## - CÓDIGO DE LENGUA | |
| Código de lengua del texto/banda sonora o título independiente | ger |
| 044 ## - CÓDIGO DEL PAÍS DE LA ENTIDAD EDITORA/PRODUCTORA | |
| Código MARC del país | gw |
| 050 #4 - SIGNATURA TOPOGRÁFICA DE LA BIBLIOTECA DEL CONGRESO | |
| Número de clasificación | DQ24 |
| Número de documento/Ítem | .B34 |
| -- | 1920 |
| 100 1# - ENTRADA PRINCIPAL--NOMBRE DE PERSONA | |
| Nombre de persona | Baedeker, Karl. |
| 9 (RLIN) | 14886 |
| 245 10 - MENCIÓN DE TÍTULO | |
| Título | Die Schweiz nebst Chamonix, Luganer, Langen und Comer See. |
| 250 ## - MENCIÓN DE EDICIÓN | |
| Mención de edición | 6a. ed. |
| 260 ## - PUBLICACIÓN, DISTRIBUCIÓN, ETC. | |
| Lugar de publicación, distribución, etc. | Leipzig, Alemania |
| Nombre del editor, distribuidor, etc. | K. Baeder |
| Fecha de publicación, distribución, etc. | 1920 |
| 300 ## - DESCRIPCIÓN FÍSICA | |
| Extensión | 512 p. |
| Otras características físicas | il., maps. |
| Dimensiones | 16 cm. |
| 500 ## - NOTA GENERAL | |
| Nota general | Contiene Mapas de Suiza; edición con cantos decorados. |
| 500 ## - NOTA GENERAL | |
| Nota general | H126 |
| 505 0# - NOTA DE CONTENIDO CON FORMATO | |
| Nota de contenido con formato | Contiene: mapa de Klein Basel; mapa de Bondensee; mapa de Zurich-see; mapa de Toggenburg; mapa de Schachen-Thal; mapa de Vierwald. |
| 651 #4 - PUNTO DE ACCESO ADICIONAL DE MATERIA--NOMBRE GEOGRÁFICO | |
| Nombre geográfico | Suiza |
| Subdivisión general | Descripción y viajes. |
| 9 (RLIN) | 14887 |
| 902 ## - CATALOGADOR | |
| Iniciales | GFM |
| 942 ## - ELEMENTOS DE PUNTO DE ACCESO ADICIONAL (KOHA) | |
| Fuente del sistema de clasificación o colocación | Library of Congress Classification |
| Tipo de ítem Koha | Libros |
| Estado de retiro | Estado de pérdida | Estado dañado | No para préstamo | Localización permanente | Ubicación/localización actual | Fecha de adquisición | Número de inventario | Total de préstamos | Signatura topográfica completa | Código de barras | Fecha visto por última vez | Precio válido a partir de | Tipo de ítem Koha |
|---|---|---|---|---|---|---|---|---|---|---|---|---|---|
| El ejemplar forma parte de la colección y puede ser consultado según las políticas vigentes. | Biblioteca del Museo Franz Mayer (Rogerio Casas-Alatriste) | Biblioteca del Museo Franz Mayer (Rogerio Casas-Alatriste) | 17/03/2011 | H126 | DQ24 .B34 1920 (H126) | 6324 | 22/03/2019 | 22/03/2019 | Libros |